[Event "Wch Seniors 23rd 2013"]
[Site "Opatija"]
[Date "2013.11.23"]
[Round "11.66"]
[White "Tavcar, Rado"]
[Black "Petzold, Hans"]
[Result "1/2-1/2"]
[WhiteElo "1956"]
[BlackElo "2130"]
[PlyCount "99"]
[EventDate "2013.11.12"]

1. Nf3 e6 2. d4 Nf6 3. e3 b6 4. Bd3 Bb7 5. Nbd2 c5 6. c3 Nc6 7. O-O d5 8. b3
Be7 9. Bb2 O-O 10. Rc1 Rc8 11. Bb1 Qd6 12. Qe2 e5 13. dxe5 Nxe5 14. c4 Ng6 15.
Rfd1 Rcd8 16. cxd5 Nxd5 17. Nc4 Qe6 18. Nce5 Bf6 19. Bxg6 hxg6 20. Qc4 Qc8 21.
Ba1 Qc7 22. e4 Nf4 23. g3 Nh5 24. Nxg6 Bxa1 25. Rxa1 b5 26. Qxb5 fxg6 27. Ng5
Qe7 28. Qc4+ Kh8 29. Rxd8 Qxd8 30. Ne6 Qf6 31. Rf1 Re8 32. Nxc5 Bc8 33. Re1 Bh3
34. Qe2 Qe5 35. Nd3 Qe6 36. Qe3 Qf7 37. f4 Nf6 38. Ne5 Qb7 39. Nxg6+ Kh7 40.
Ne5 Qa6 41. Qe2 Qb6+ 42. Qf2 Qb4 43. Nd3 Qc3 44. Ne5 Rxe5 45. fxe5 Ng4 46. Qf5+
Kg8 47. Qe6+ Kh7 48. Qf5+ g6 49. Qf7+ Kh6 50. Qf8+ 1/2-1/2

[Event "Wch Seniors 23rd 2013"]
[Site "Opatija"]
[Date "2013.11.23"]
[Round "11.67"]
[White "Hedin, Gunnar"]
[Black "Lim, Kian Hwa"]
[Result "0-1"]
[WhiteElo "2100"]
[BlackElo "1883"]
[PlyCount "120"]
[EventDate "2013.11.12"]

1. d4 d5 2. c4 e6 3. Nc3 Nf6 4. cxd5 exd5 5. Bg5 Nbd7 6. e3 Be7 7. Bd3 O-O 8.
Qc2 c6 9. Nge2 Re8 10. f3 Nf8 11. O-O Nh5 12. Bxe7 Qxe7 13. e4 dxe4 14. fxe4
Bg4 15. Rf2 Qd7 16. Raf1 Re7 17. Bc4 Nf6 18. d5 Bxe2 19. Rxe2 Rae8 20. Rd1 Qg4
21. d6 Re5 22. h3 Qh5 23. a4 N8d7 24. Rde1 Qg6 25. b4 Nh5 26. Re3 Qxd6 27. Qb3
Qe7 28. Rf3 Nhf6 29. Ref1 Rf8 30. a5 b5 31. axb6 axb6 32. Bd3 b5 33. Bb1 Nb6
34. Bd3 Qe6 35. Qxe6 Rxe6 36. Ra1 Nbd7 37. Bc2 Ne5 38. Rf2 Rd8 39. Bb3 Red6 40.
Rf5 Rd3 41. Rxe5 Rxc3 42. Bd1 Rc4 43. Bf3 Rxb4 44. Rc5 Nxe4 45. Bxe4 Rxe4 46.
Rxc6 g6 47. Ra7 Rf4 48. Rcc7 Rb8 49. g3 Rf6 50. Rc3 b4 51. Rb3 Rc6 52. Kf2 Rc2+
53. Ke3 Rh2 54. h4 Rc2 55. Kf3 h5 56. Ra4 Rc4 57. Kf2 Rb5 58. Kg2 Rf5 59. Ra6
Rc2+ 60. Kg1 Rd5 0-1

[Event "Wch Seniors 23rd 2013"]
[Site "Opatija"]
[Date "2013.11.23"]
[Round "11.68"]
[White "Ladisic, Alex-Sacha"]
[Black "Stull, Norbert"]
[Result "1-0"]
[WhiteElo "1948"]
[BlackElo "2075"]
[PlyCount "115"]
[EventDate "2013.11.12"]

1. e4 Nf6 2. e5 Nd5 3. d4 d6 4. c4 Nb6 5. exd6 cxd6 6. Nc3 g6 7. Bd3 Bg7 8.
Nge2 O-O 9. Be3 Nc6 10. b3 e5 11. d5 Nd4 12. Bxd4 exd4 13. Nb5 Bg4 14. f3 Bc8
15. O-O a6 16. Nbxd4 Re8 17. Qd2 Nxd5 18. cxd5 Qb6 19. Bc4 Rxe2 20. Qxe2 Bxd4+
21. Kh1 Bxa1 22. Rxa1 Bd7 23. h3 Re8 24. Qb2 Qe3 25. a4 Re5 26. a5 h5 27. Qc1
Qf2 28. Qg1 Qg3 29. Qf1 Re3 30. Qg1 Re5 31. Rf1 Bf5 32. Qh2 Qxh2+ 33. Kxh2 Re3
34. Rf2 Rc3 35. Rb2 Kf8 36. Kg3 Rc2 37. Rxc2 Bxc2 38. Kf4 Ke7 39. h4 Kf6 40. b4
Ba4 41. g4 hxg4 42. fxg4 Bd7 43. Bd3 Ba4 44. Be2 Bb3 45. g5+ Kg7 46. Ke4 Ba4
47. Bg4 f5+ 48. gxf6+ Kxf6 49. Bc8 Bb5 50. Bxb7 Ke7 51. Bc6 Bf1 52. b5 Kd8 53.
b6 Be2 54. Kf4 Kc8 55. Be8 Bc4 56. Bf7 Kd7 57. Kg5 Bd3 58. Bxg6 1-0

[Event "Wch Seniors 23rd 2013"]
[Site "Opatija"]
[Date "2013.11.23"]
[Round "11.69"]
[White "Andersson, Kaj"]
[Black "Norman, Dinah M"]
[Result "1-0"]
[WhiteElo "2062"]
[BlackElo "1800"]
[PlyCount "97"]
[EventDate "2013.11.12"]

1. e4 d5 2. e5 c6 3. d4 Bf5 4. Nf3 e6 5. Be2 c5 6. c3 Nc6 7. O-O Qb6 8. Qd2 h6
9. Qe3 Bg4 10. Rd1 cxd4 11. cxd4 Bxf3 12. Bxf3 Nge7 13. Bg4 Rc8 14. Nc3 Nb4 15.
Rd2 Rd8 16. a3 Na6 17. b4 Nc8 18. Bb2 Be7 19. Rc1 O-O 20. Be2 Rd7 21. Rdc2 Qd8
22. Nb5 Nb6 23. Nxa7 Rc7 24. Nb5 Rxc2 25. Rxc2 Qb8 26. Qd3 Rc8 27. Bd1 Nc4 28.
Bc1 Nc7 29. Nxc7 Rxc7 30. Rc3 Bf8 31. h3 Qd8 32. Qc2 b5 33. g3 Ra7 34. Qd3 Qa8
35. Bc2 g6 36. Qf3 Bg7 37. Kh2 Qb8 38. Qd3 Qa8 39. g4 Nxe5 40. dxe5 Bxe5+ 41.
Kg1 Bxc3 42. Qxc3 Qf8 43. Bb2 Kh7 44. Qf6 Ra8 45. h4 Rc8 46. Bd3 Rb8 47. h5 Qg8
48. hxg6+ fxg6 49. Qe7+ 1-0

[Event "Wch Seniors 23rd 2013"]
[Site "Opatija"]
[Date "2013.11.23"]
[Round "11.70"]
[White "Choong, Liong-On Mark"]
[Black "Bondar, Leonid"]
[Result "0-1"]
[WhiteElo "1924"]
[BlackElo "2049"]
[PlyCount "102"]
[EventDate "2013.11.12"]

1. b3 e5 2. Bb2 Nc6 3. e3 Nf6 4. c4 d6 5. d3 Be7 6. Nc3 O-O 7. Be2 Be6 8. Bf3
d5 9. cxd5 Nxd5 10. Nge2 Ndb4 11. d4 exd4 12. exd4 Nxd4 13. Nxd4 Qxd4 14. O-O
Qxd1 15. Rfxd1 c6 16. Ne4 Rad8 17. Kf1 Rxd1+ 18. Bxd1 f5 19. Nd2 Rd8 20. Nf3
Bc5 21. Be2 Bb6 22. Bc3 Nd3 23. Rd1 Nf4 24. Rxd8+ Bxd8 25. Nd4 Nxe2 26. Nxe6
Nxc3 27. Nxd8 Nxa2 28. Nxb7 Nc1 29. Nc5 Kf7 30. Ke1 Na2 31. Kd2 Ke7 32. Na6 Kd6
33. b4 Kd5 34. Kd3 g5 35. Nc7+ Ke5 36. b5 Kd6 37. Ne8+ Ke7 38. Ng7 cxb5 39.
Nxf5+ Kf6 40. Nd4 Nb4+ 41. Kc3 Nd5+ 42. Kb3 a6 43. Nc6 Kf5 44. Kc2 Nf4 45. Nb4
a5 46. Nc6 Nxg2 47. Nxa5 Ne1+ 48. Kd1 Nf3 49. Nc6 Ke4 50. h3 h5 51. Nb4 Ng1 0-1

[Event "Wch Seniors 23rd 2013"]
[Site "Opatija"]
[Date "2013.11.23"]
[Round "11.71"]
[White "Korenevski, Oleg"]
[Black "Catania, Duane"]
[Result "1/2-1/2"]
[WhiteElo "1880"]
[BlackElo "2029"]
[PlyCount "79"]
[EventDate "2013.11.12"]

1. e4 e6 2. Qe2 c5 3. f4 Nc6 4. Nf3 g6 5. g3 Bg7 6. Bg2 Nge7 7. c3 O-O 8. O-O
d5 9. d3 Rb8 10. Be3 b6 11. Rd1 Ba6 12. Qc2 Qc7 13. e5 Nf5 14. Bf2 Rbc8 15. g4
Nfe7 16. Qa4 Bb7 17. d4 cxd4 18. cxd4 Na5 19. Nc3 a6 20. Qc2 b5 21. Qe2 Qd7 22.
Rdc1 Rc7 23. Nd1 Rfc8 24. Rxc7 Qxc7 25. Be3 Qd8 26. Rc1 Nc4 27. b3 Nxe3 28.
Qxe3 b4 29. Bf1 Bh6 30. g5 Nf5 31. Qd2 Bf8 32. Rxc8 Qxc8 33. Bd3 Bc6 34. Bxf5
gxf5 35. Qc2 Qb7 36. Kf2 Qb6 37. Ke3 a5 38. Nb2 Qa6 39. Nd3 Bb5 40. Nfe1
1/2-1/2

[Event "Wch Seniors 23rd 2013"]
[Site "Opatija"]
[Date "2013.11.23"]
[Round "11.72"]
[White "Kayaman, Metin"]
[Black "Spika, Ivica"]
[Result "0-1"]
[WhiteElo "1865"]
[BlackElo "2018"]
[PlyCount "104"]
[EventDate "2013.11.12"]

1. d4 Nf6 2. Nf3 e6 3. Bg5 h6 4. Bh4 d5 5. Nbd2 c5 6. e3 Nc6 7. Be2 cxd4 8.
exd4 Be7 9. c3 O-O 10. O-O Nd7 11. Bg3 Bf6 12. Re1 Re8 13. Qc2 Nf8 14. Bd3 Bd7
15. Rad1 Rc8 16. Qb1 Na5 17. Ne5 Bxe5 18. Bxe5 Nc4 19. Bg3 Nxd2 20. Rxd2 Qb6
21. Qd1 Qd8 22. Be5 f5 23. f4 Ng6 24. Qh5 Nxe5 25. Rxe5 Rf8 26. Rf2 Kh7 27. g4
g6 28. Qh3 b5 29. a3 a5 30. Be2 b4 31. axb4 axb4 32. Re3 bxc3 33. bxc3 Qa5 34.
g5 h5 35. Bxh5 Kg7 36. Bd1 Rh8 37. Qg3 Qa1 38. Rf1 Qb2 39. Qf2 Qa3 40. c4 Qa1
41. cxd5 Qxd4 42. dxe6 Bb5 43. Ree1 Qc3 44. Be2 Be8 45. Ba6 Rc7 46. Qe3 Qxe3+
47. Rxe3 Kf8 48. Rb1 Rh4 49. Rb4 Rc1+ 50. Kg2 Bc6+ 51. Kg3 Rg4+ 52. Kf2 Rg2#
0-1

[Event "Wch Seniors 23rd 2013"]
[Site "Opatija"]
[Date "2013.11.23"]
[Round "11.74"]
[White "Masich, Vladimir"]
[Black "Danielsson, Robert"]
[Result "0-1"]
[WhiteElo "1931"]
[BlackElo "2098"]
[PlyCount "88"]
[EventDate "2013.11.12"]

1. e4 c5 2. Nc3 g6 3. f4 Bg7 4. Nf3 Nc6 5. Bc4 e6 6. O-O Nge7 7. e5 d5 8. exd6
Qxd6 9. d3 b6 10. Ne4 Qc7 11. c3 O-O 12. Qe1 h6 13. a3 Bb7 14. Nf2 Na5 15. Ng4
Rad8 16. Ba2 Bd5 17. c4 Bb7 18. Qd1 Bxf3 19. Rxf3 Nac6 20. Rh3 Nf5 21. Rb1 h5
22. Ne3 Ncd4 23. Nxf5 Nxf5 24. b4 Rd6 25. Rb3 Rfd8 26. Bb2 Bxb2 27. Rxb2 Rd4
28. Rf2 Rxf4 29. Rxf4 Qxf4 30. Rf3 Qd4+ 31. Kh1 Ne3 32. Qe1 Nf5 33. Bb1 Qb2 34.
bxc5 bxc5 35. Rf2 Qxa3 36. Ra2 Qb3 37. Rxa7 Rb8 38. Ra1 Qb2 39. Ba2 Ra8 40. h3
Rxa2 41. Rxa2 Qxa2 42. Qe5 Qb1+ 43. Kh2 Qxd3 44. Qxc5 Qd6+ 0-1

[Event "Wch Seniors 23rd 2013"]
[Site "Opatija"]
[Date "2013.11.23"]
[Round "11.75"]
[White "Davydov, Mihail"]
[Black "Neumann, Horst"]
[Result "1/2-1/2"]
[WhiteElo "2058"]
[BlackElo "1929"]
[PlyCount "32"]
[EventDate "2013.11.12"]

1. c4 Nf6 2. Nc3 g6 3. g3 Bg7 4. Bg2 c6 5. e4 d6 6. Nge2 Bg4 7. d4 O-O 8. Be3
Qc8 9. h3 Bxe2 10. Qxe2 Nbd7 11. O-O Rd8 12. f4 Nh5 13. Kh2 c5 14. e5 cxd4 15.
Bxd4 dxe5 16. fxe5 Qb8 1/2-1/2

[Event "Wch Seniors 23rd 2013"]
[Site "Opatija"]
[Date "2013.11.23"]
[Round "11.77"]
[White "Mortensen, Steen Juul"]
[Black "Kiss, Istvan"]
[Result "1/2-1/2"]
[WhiteElo "1999"]
[BlackElo "1880"]
[PlyCount "32"]
[EventDate "2013.11.12"]

1. d4 Nf6 2. Nf3 d5 3. c4 Bf5 4. Nc3 e6 5. e3 c6 6. Qb3 Qb6 7. c5 Qc7 8. Na4
Nbd7 9. Bd2 Be7 10. Rc1 Ne4 11. Nc3 O-O 12. Be2 Ndf6 13. Nxe4 Nxe4 14. Bd3 Rfb8
15. Qc2 Rf8 16. Bc3 Bg6 1/2-1/2

[Event "Wch Seniors 23rd 2013"]
[Site "Opatija"]
[Date "2013.11.23"]
[Round "11.78"]
[White "Green, Per"]
[Black "King, Melvyn"]
[Result "1-0"]
[WhiteElo "1990"]
[BlackElo "1890"]
[PlyCount "73"]
[EventDate "2013.11.12"]

1. Nf3 d5 2. d4 Bf5 3. c4 e6 4. Nc3 Nf6 5. g3 c6 6. Bg2 Ne4 7. O-O Nxc3 8. bxc3
dxc4 9. Ne5 Be7 10. Nxc4 Nd7 11. e4 Bg6 12. Bf4 Nb6 13. Ne5 Bd6 14. Re1 f6 15.
Nxg6 hxg6 16. Qg4 Kf7 17. Bxd6 Qxd6 18. e5 f5 19. exd6 fxg4 20. Re4 Rad8 21.
Rf4+ Ke8 22. Rxg4 Rxd6 23. Rxg6 Kf7 24. Rg5 Nc8 25. h4 b6 26. Re1 Rh6 27. Re4
Rf6 28. Reg4 g6 29. h5 Ne7 30. Be4 gxh5 31. Rxh5 Ke8 32. Rg7 Rf7 33. Rh8+ Rf8
34. Rhh7 Nd5 35. Bxd5 cxd5 36. Rxa7 Rd8 37. Rhe7# 1-0

[Event "Wch Seniors 23rd 2013"]
[Site "Opatija"]
[Date "2013.11.23"]
[Round "11.79"]
[White "Ramusch, Arnulf"]
[Black "Urbanc, Vinko"]
[Result "1-0"]
[WhiteElo "1979"]
[BlackElo "1842"]
[PlyCount "77"]
[EventDate "2013.11.12"]

1. d4 Nf6 2. Nf3 g6 3. c4 Bg7 4. Nc3 d5 5. e3 O-O 6. Qb3 c6 7. Bd2 h6 8. Bd3 b6
9. Ne5 Qd6 10. f4 Bb7 11. O-O e6 12. cxd5 exd5 13. Rf3 Nbd7 14. Raf1 Rac8 15.
Qd1 c5 16. g4 Ne4 17. Rh3 Nxe5 18. fxe5 Qe6 19. Bc1 c4 20. Nxe4 dxe4 21. Bb1 f6
22. exf6 Rxf6 23. Bd2 b5 24. Rg3 Rcf8 25. Rxf6 Bxf6 26. Bc2 Bh4 27. Rg2 Qf6 28.
Qe2 Qa6 29. a3 Rf3 30. Bd1 Qf6 31. Be1 Bg5 32. Bg3 Qe6 33. Qe1 Rf7 34. Rf2 a5
35. Rxf7 Qxf7 36. Bd6 Be7 37. Qg3 Bxd6 38. Qxd6 a4 39. Qb6 {Dirty manuscript!}
1-0

[Event "Wch Seniors 23rd 2013"]
[Site "Opatija"]
[Date "2013.11.23"]
[Round "11.82"]
[White "Waisberg, Arnold"]
[Black "Barkman, Rolf"]
[Result "0-1"]
[WhiteElo "1971"]
[BlackElo "1867"]
[PlyCount "58"]
[EventDate "2013.11.12"]

1. e4 e5 2. Bc4 Bc5 3. Nc3 d6 4. Na4 Bb6 5. Nxb6 axb6 6. d3 Qf6 7. Be3 Nh6 8.
h3 Be6 9. Bxe6 fxe6 10. Ne2 O-O 11. O-O d5 12. Qd2 Nf7 13. exd5 exd5 14. d4 c5
15. dxe5 Qxe5 16. c3 Nc6 17. Bf4 Qe6 18. Rfd1 Ne7 19. Re1 Qf6 20. a3 h6 21.
Rad1 Rad8 22. Bg3 Ng5 23. Bh4 Nxh3+ 24. gxh3 Qxh4 25. Ng3 Ng6 26. Re3 Nf4 27.
Nh1 Nxh3+ 28. Kf1 Ng5 29. Kg1 d4 0-1

[Event "Wch Seniors 23rd 2013"]
[Site "Opatija"]
[Date "2013.11.23"]
[Round "11.83"]
[White "Peierl, Walter"]
[Black "Morriss, Pete"]
[Result "0-1"]
[WhiteElo "1834"]
[BlackElo "2008"]
[PlyCount "80"]
[EventDate "2013.11.12"]

1. e4 c6 2. Nf3 d5 3. exd5 cxd5 4. d4 Nf6 5. Bd3 e6 6. O-O Be7 7. c3 O-O 8. Ne5
Nbd7 9. f4 Ne4 10. Qe2 f5 11. Nd2 Ndf6 12. Bxe4 Nxe4 13. Rf3 Bf6 14. Rh3 g6 15.
Ndf3 Bd7 16. g4 Rc8 17. g5 Bh8 18. Qe1 Be8 19. Qh4 Qe7 20. Qe1 b5 21. a3 Qc7
22. Be3 a5 23. Rc1 Qb7 24. Nd3 Rf7 25. Nc5 Qb6 26. b4 Ra8 27. Ne5 Rfa7 28. Qh4
Re7 29. Qe1 axb4 30. axb4 Ra3 31. Rc2 Rea7 32. Qh4 Re7 33. Bc1 Ra1 34. Kg2 Qa7
35. Nb3 Ra2 36. Bb2 Qa4 37. c4 dxc4 38. Nxc4 bxc4 39. Na1 Rxa1 40. Rxc4 Ra2 0-1

[Event "Wch Seniors 23rd 2013"]
[Site "Opatija"]
[Date "2013.11.23"]
[Round "11.84"]
[White "Cao, Jorge"]
[Black "Sevenyuk, Alexey"]
[Result "1-0"]
[WhiteElo "1990"]
[BlackElo "1886"]
[PlyCount "27"]
[EventDate "2013.11.12"]

1. d4 d5 2. c4 e6 3. Nc3 c6 4. e3 Bd6 5. Nf3 Nd7 6. b3 a5 7. Bd3 f5 8. cxd5
cxd5 9. Nb5 Bb8 10. Ba3 Ne7 11. O-O O-O 12. Rc1 Rf6 13. Bxe7 Qxe7 14. Rxc8+ 1-0

[Event "Wch Seniors 23rd 2013"]
[Site "Opatija"]
[Date "2013.11.23"]
[Round "11.85"]
[White "Bohman, Leif"]
[Black "Zybura, Andre"]
[Result "0-1"]
[WhiteElo "1880"]
[BlackElo "1990"]
[PlyCount "93"]
[EventDate "2013.11.12"]

1. d4 Nf6 2. Bf4 c5 3. c3 Qb6 4. Qc2 cxd4 5. cxd4 Nc6 6. e3 e6 7. Nd2 d5 8.
Ngf3 Be7 9. Be2 O-O 10. O-O Bd7 11. a3 Rac8 12. Qb1 h6 13. h3 Na5 14. b4 Nc4
15. Nxc4 dxc4 16. Rc1 c3 17. Qd3 Nd5 18. Bg3 a6 19. Qc2 Bb5 20. Bd3 a5 21. e4
Bxd3 22. Qxd3 Nf6 23. Rab1 axb4 24. axb4 Bxb4 25. Ne1 Qa5 26. Nc2 Be7 27. Rxb7
Rfe8 28. Ra1 Qg5 29. Ne3 Qg6 30. Raa7 Nd5 31. Nc2 Ra8 32. Kh2 Rxa7 33. Rxa7 Nf6
34. f3 Nh5 35. Bc7 Rc8 36. g4 Rxc7 37. Ra8+ Kh7 38. gxh5 Bd6+ 39. Kh1 Qxh5 40.
e5+ g6 41. exd6 Qxh3+ 42. Kg1 Qg3+ 43. Kf1 Rb7 44. Ra1 Qxd6 45. Ke2 Rb2 46. Rc1
Qh2+ 47. Ke3 0-1

[Event "Wch Seniors 23rd 2013"]
[Site "Opatija"]
[Date "2013.11.23"]
[Round "11.86"]
[White "Alavi, Mir Mahmood"]
[Black "Gonzalez Pabollet, Jesus Maria"]
[Result "1-0"]
[WhiteElo "1852"]
[BlackElo "1970"]
[PlyCount "51"]
[EventDate "2013.11.12"]

1. d4 Nf6 2. c4 g6 3. g3 Bg7 4. Bg2 O-O 5. Nf3 d6 6. Nc3 Nbd7 7. O-O Rb8 8. e4
c5 9. e5 Ne8 10. exd6 Nxd6 11. Bf4 Ra8 12. Bxd6 exd6 13. dxc5 dxc5 14. Qb3 Qb6
15. Nd5 Qxb3 16. axb3 a6 17. Rab1 Nf6 18. Nb6 Rb8 19. Ne5 Bf5 20. Rbe1 Rbd8 21.
f4 Ng4 22. Nd5 Nxe5 23. fxe5 Bh6 24. Ne7+ Kh8 25. Nxf5 gxf5 26. Rxf5 1-0

[Event "Wch Seniors 23rd 2013"]
[Site "Opatija"]
[Date "2013.11.23"]
[Round "11.87"]
[White "Borensztajn, David"]
[Black "Baumgarten, Werner"]
[Result "1/2-1/2"]
[WhiteElo "1869"]
[BlackElo "1943"]
[PlyCount "32"]
[EventDate "2013.11.12"]

1. Nf3 Nf6 2. d4 e6 3. c4 c5 4. Nc3 cxd4 5. Nxd4 a6 6. g3 Be7 7. Bg2 O-O 8. e4
Nc6 9. O-O Qa5 10. Nb3 Qb4 11. Qe2 Ne5 12. Nd2 d6 13. a3 Qb6 14. Kh1 Bd7 15. f4
Ng6 16. Nf3 Rac8 1/2-1/2

[Event "Wch Seniors 23rd 2013"]
[Site "Opatija"]
[Date "2013.11.23"]
[Round "11.89"]
[White "Bianco Diaz, Rogelio Jose"]
[Black "Andersson, Finn"]
[Result "1-0"]
[WhiteElo "1891"]
[BlackElo "1846"]
[PlyCount "30"]
[EventDate "2013.11.12"]

1. d4 e6 2. f4 f5 3. Nf3 b6 4. e3 Bb7 5. Bd3 Nf6 6. Nbd2 Be7 7. O-O O-O 8. Qe2
Be4 9. c3 a5 10. a4 d6 11. Bc4 d5 12. Bd3 Nbd7 13. c4 Qe8 14. cxd5 Bxd5 15. Bc4
Qh5 {Unlogical writing!} 1-0

[Event "Wch Seniors 23rd 2013"]
[Site "Opatija"]
[Date "2013.11.23"]
[Round "11.90"]
[White "Nielsen, Peter"]
[Black "Karabut, Vladimir"]
[Result "1-0"]
[WhiteElo "1769"]
[BlackElo "2044"]
[PlyCount "103"]
[EventDate "2013.11.12"]

1. c4 e6 2. Nc3 c6 3. g3 d5 4. cxd5 cxd5 5. d4 Nc6 6. Nf3 a6 7. Bg2 Nf6 8. O-O
Be7 9. a3 O-O 10. b4 Bd7 11. Re1 Rc8 12. Bb2 Na7 13. Ne5 Nb5 14. Nxd7 Qxd7 15.
Rc1 Nxc3 16. Rxc3 Rc4 17. Rxc4 dxc4 18. e4 b5 19. Bc3 Rd8 20. Qf3 Qc7 21. h4
Nd7 22. e5 Nb6 23. Qb7 Qxb7 24. Bxb7 Na4 25. Rc1 g5 26. hxg5 Bxg5 27. f4 Be7
28. Bxa6 Rb8 29. g4 h6 30. Kf2 Kh7 31. Kf3 Kg6 32. Ke4 Bh4 33. f5+ Kg5 34. fxe6
fxe6 35. d5 exd5+ 36. Kxd5 Rd8+ 37. Kc6 Rd3 38. Kxb5 Rxc3 39. Rxc3 Nxc3+ 40.
Kxc4 Na4 41. Bb5 Nb6+ 42. Kc5 Bf2+ 43. Kc6 Kg6 44. a4 Kf7 45. a5 Nc8 46. Bc4+
Ke7 47. Kb7 Kd8 48. b5 Bd4 49. Be6 Na7 50. b6 Nb5 51. a6 Bxe5 52. a7 1-0

[Event "Wch Seniors 23rd 2013"]
[Site "Opatija"]
[Date "2013.11.23"]
[Round "11.91"]
[White "Bauza Mercere, Eduardo"]
[Black "Benson, Lachlan"]
[Result "0-1"]
[WhiteElo "1811"]
[BlackElo "2039"]
[PlyCount "130"]
[EventDate "2013.11.12"]

1. e4 d5 2. exd5 Qxd5 3. Nc3 Qa5 4. d4 Nf6 5. Bc4 Bf5 6. Bd2 c6 7. Nd5 Qd8 8.
Nxf6+ exf6 9. c3 Bd6 10. Nf3 O-O 11. O-O Qc7 12. Re1 Nd7 13. Be3 Nb6 14. Bd3
Bxd3 15. Qxd3 Rfe8 16. c4 Bf4 17. Bxf4 Qxf4 18. g3 Qg4 19. Kg2 g6 20. b3 Rad8
21. h3 Qd7 22. Rxe8+ Rxe8 23. Re1 Rxe1 24. Nxe1 Kg7 25. Qe3 Qe6 26. Nd3 Nd7 27.
Nf4 Qd6 28. c5 Qf8 29. b4 Qd8 30. Qe4 a6 31. d5 cxd5 32. Qxd5 Qc7 33. Nd3 Qc6
34. Qxc6 bxc6 35. f4 Kf8 36. Kf3 Ke7 37. Ke4 f5+ 38. Kd4 f6 39. h4 Nf8 40. Nb2
Ne6+ 41. Ke3 Nc7 42. Nd3 h6 43. Kd4 Ke6 44. Kc4 Nd5 45. Nc1 g5 46. Ne2 gxh4 47.
gxh4 Ne3+ 48. Kd3 Nd5 49. a3 Ne7 50. h5 Nd5 51. Nd4+ Kd7 52. Nxf5 Nxf4+ 53. Ke4
Nxh5 54. Nxh6 Ng3+ 55. Kf3 Nf1 56. Ng4 Ke6 57. Ke2 Ng3+ 58. Kd3 f5 59. Nh2 Kd5
60. Nf3 Ne4 61. Ne1 f4 62. a4 Ng5 63. Nc2 Ne4 64. Nd4 Nf2+ 65. Kc3 Nd1+ 0-1

[Event "Wch Seniors 23rd 2013"]
[Site "Opatija"]
[Date "2013.11.23"]
[Round "11.92"]
[White "Kummer, Heinz"]
[Black "Hernandez M., E. Gustavo"]
[Result "1/2-1/2"]
[WhiteElo "1788"]
[BlackElo "1933"]
[PlyCount "60"]
[EventDate "2013.11.12"]

1. e4 c5 2. Nf3 Nc6 3. d4 cxd4 4. Nxd4 Nf6 5. Nc3 e5 6. Ndb5 d6 7. Bg5 Be7 8.
Bxf6 gxf6 9. Nd5 O-O 10. c3 a6 11. Na3 b5 12. Nc2 f5 13. exf5 Bxf5 14. Nce3 Be6
15. Nxe7+ Nxe7 16. Be2 Ra7 17. Bf3 d5 18. O-O f5 19. Qd2 Rd7 20. Nc2 Ng6 21. a4
Nf4 22. Kh1 Ng6 23. axb5 axb5 24. Be2 Qb6 25. Nb4 Re8 26. Ra6 Qb7 27. Rfa1 d4
28. f3 dxc3 29. Qxc3 Rc7 30. Qe3 Bc4 1/2-1/2

[Event "Wch Seniors 23rd 2013"]
[Site "Opatija"]
[Date "2013.11.23"]
[Round "11.93"]
[White "Keze, Arnis"]
[Black "Filzmaier, Bruno"]
[Result "1/2-1/2"]
[WhiteElo "1735"]
[BlackElo "1895"]
[PlyCount "120"]
[EventDate "2013.11.12"]

1. d4 e6 2. c4 d5 3. Nc3 Nf6 4. Nf3 c6 5. Bg5 Nbd7 6. e3 Qa5 7. Qc2 Bb4 8. Bxf6
Nxf6 9. Nd2 dxc4 10. Nxc4 Qc7 11. Bd3 Nd5 12. e4 Nf4 13. Bf1 b5 14. Ne5 Bb7 15.
g3 Ng6 16. Nd3 Qa5 17. a3 Bxc3+ 18. bxc3 Rc8 19. Nc5 Ba8 20. Bh3 Rd8 21. O-O e5
22. dxe5 Nxe5 23. f4 Qb6 24. Qf2 Nd3 25. Nxd3 Rxd3 26. Qxb6 axb6 27. Rac1 O-O
28. Rfd1 Rfd8 29. Rxd3 Rxd3 30. Kf2 Kf8 31. Ke2 Rd8 32. Ke3 Bb7 33. Bg2 c5 34.
Rb1 c4 35. Bf1 Ba6 36. Rb2 Rd1 37. Be2 Ra1 38. Bxc4 bxc4 39. Rxb6 Rxa3 40. Kd4
Ke7 41. e5 Ra4 42. f5 h5 43. h3 Kd7 44. e6+ fxe6 45. Rxe6 Bc8 46. Rg6 Ke7 47.
g4 hxg4 48. hxg4 Kf7 49. Rc6 Bd7 50. Rc7 Ke7 51. Ke5 Ra6 52. Rxc4 Rc6 53. Rxc6
Bxc6 54. g5 Kf7 55. c4 Ba4 56. c5 Ke7 57. f6+ gxf6+ 58. gxf6+ Kf7 59. Kf5 Bc6
60. Ke5 Bd7 1/2-1/2

[Event "Wch Seniors 23rd 2013"]
[Site "Opatija"]
[Date "2013.11.23"]
[Round "11.94"]
[White "Milosevic, Bozidar"]
[Black "Haupt, Joachim"]
[Result "0-1"]
[WhiteElo "1734"]
[BlackElo "1870"]
[PlyCount "78"]
[EventDate "2013.11.12"]

1. e4 c5 2. Bc4 Nc6 3. Nf3 d6 4. c3 Nf6 5. d3 g6 6. a3 Bg7 7. h3 O-O 8. Bg5 Re8
9. O-O a6 10. Nbd2 Nd7 11. Ba2 b5 12. Re1 Qb6 13. Be3 Qc7 14. Nh4 Nde5 15. Ndf3
Nxf3+ 16. Nxf3 e5 17. Bg5 Be6 18. b3 a5 19. Qd2 f6 20. Be3 Qf7 21. c4 b4 22. a4
Qf8 23. Nh2 f5 24. f3 Ra7 25. Rf1 f4 26. Bf2 Qf6 27. Qe1 h5 28. Rd1 Bf8 29. Rd2
Rg7 30. Bb1 Be7 31. Kh1 g5 32. Rg1 Kf7 33. Bc2 g4 34. fxg4 hxg4 35. g3 gxh3 36.
Bd1 Reg8 37. Rf1 Ke8 38. Qe2 fxg3 39. Bxg3 Qh6 0-1

[Event "Wch Seniors 23rd 2013"]
[Site "Opatija"]
[Date "2013.11.23"]
[Round "11.95"]
[White "Schwertel, Johann"]
[Black "Zilbershtein, Victor"]
[Result "0-1"]
[WhiteElo "2016"]
[BlackElo "1780"]
[PlyCount "42"]
[EventDate "2013.11.12"]

1. d4 Nf6 2. Nf3 c5 3. c3 e6 4. Bg5 Be7 5. Nbd2 O-O 6. e3 b6 7. Bd3 Bb7 8. O-O
d5 9. Qc2 h6 10. Bf4 Nc6 11. Rac1 Rc8 12. Qa4 Nd7 13. Bg3 f5 14. Bb1 Bf6 15.
Bd6 Be7 16. dxc5 Nxc5 17. Bxc5 bxc5 18. c4 d4 19. exd4 cxd4 20. Qb3 Rb8 21.
Rfe1 Bc8 0-1